|
|
|
|
| LEADER |
01166cam a22002537i 4500 |
| 001 |
8537472 |
| 003 |
GR-PaULI |
| 005 |
20210611084613.0 |
| 008 |
171127s1983 it f 000 0 ita d |
| 020 |
|
|
|a 8800836127
|
| 040 |
|
|
|a GR-PaULI
|c GR-PaULI
|b gre
|e AACR2
|
| 082 |
0 |
4 |
|2 23
|a 881.1
|
| 100 |
1 |
|
|a Frankel, Hermann Ferdinand
|d 1888-1977.
|e συγγραφέας
|9 78519
|
| 245 |
1 |
0 |
|a Testo critico e critica del testo /
|c [di] Hermann Fränkel ; a cura di Carlo Ferdinando Russo ; traduzione di Luciano Canfora.
|
| 250 |
|
|
|a Seconda edizione ampliata
|
| 260 |
|
|
|a Firenze,
|b F. Le Monnier,
|c 1983.
|
| 300 |
|
|
|a xvi, 94 σ. ;
|c 19 εκ.
|
| 504 |
|
|
|a Περιλαμβάνει βιβλιογραφικές σημειώσεις.
|
| 600 |
0 |
4 |
|a Απολλώνιος ο Ρόδιος,
|d 295-π. 215
|9 46719
|
| 650 |
|
4 |
|a Αργοναύτες (Μυθολογία) στη λογοτεχνία
|9 77259
|
| 942 |
|
|
|2 ddc
|c BK15
|
| 952 |
|
|
|0 0
|1 0
|2 ddc
|4 0
|6 881_100000000000000_ΑΠΟΛ_ΡΟ__FRA
|7 0
|9 217583
|a THST
|b THST
|d 2017-11-27
|i 007168
|l 0
|o 881.1 Απολ.Ρο. FRA
|p 025000014047
|r 2017-11-27 00:00:00
|t 1
|v 2017.00
|w 2017-11-27
|y BK15
|
| 998 |
|
|
|c ΜΑΝΙΑ
|d 2017-11
|
| 999 |
|
|
|c 131873
|d 131873
|